[Event "Heart of Finland op 27th"]
[Site "Jyvaskyla"]
[Date "2017.07.19"]
[Round "4"]
[White "Virtanen, Teemu"]
[Black "Sorokopudov, Vladimir M"]
[Result "1-0"]
[WhiteElo "2272"]
[BlackElo "2057"]
[PlyCount "143"]
[EventDate "2017.07.17"]
[EventType "swiss"]
[EventRounds "9"]
[EventCountry "FIN"]
[SourceTitle "CBM 179 Extra"]
[Source "ChessBase"]
[SourceDate "2017.08.23"]
[SourceVersion "1"]
[SourceVersionDate "2017.08.23"]
[SourceQuality "1"]

1. Nf3 Nf6 2. g3 g6 3. b3 d6 4. d4 c6 5. Bb2 Bg7 6. Bg2 Nbd7 7. 0-0 0-0 8. Nbd2 Qc7 9. e4 Rd8 10. Qe2 e5 11. c3 b6 12. Rfd1 a5 13. Rac1 Ba6 14. Qe1 Re8 15. Ba3 Bf8 16. Nh4 Rad8 17. f4 exf4 18. gxf4 Nh5 19. Bf1 Bxf1 20. Qxf1 Bh6 21. Ng2 c5 22. Qf3 Rf8 23. Nc4 d5 24. exd5 Bxf4 25. d6 Bxd6 26. Nxd6 Qxd6 27. dxc5 Qe7 28. Re1 Ne5 29. Qe4 f6 30. b4 bxc5 31. bxc5 Rfe8 32. Rcd1 Qe6 33. Rd6 Qxa2 34. Bc1 Rxd6 35. cxd6 Qe6 36. Rd1 Rd8 37. Ba3 Qb3 38. Qd5+ Qxd5 39. Rxd5 Kf7 40. Ne3 Nf4 41. Rc5 Ke6 42. Rc7 Rd7 43. Rc8 Rb7 44. Kf2 Rb3 45. Nc2 Rb7 46. Ke3 Ng2+ 47. Kd4 Kd7 48. Rh8 Kc6 49. c4 Nf3+ 50. Kc3 Nf4 51. Ra8 g5 52. Rxa5 Ne2+ 53. Kd3 Nf4+ 54. Ke4 Ne5 55. Nd4+ Kd7 56. c5 Ne6 57. Ra6 Nxd4 58. Kxd4 Rb3 59. Bc1 Ke6 60. d7+ Kxd7 61. Rxf6 Nc6+ 62. Ke4 Rb4+ 63. Kf5 g4 64. Rd6+ Kc7 65. Bf4 Kb7 66. Rd7+ Ka6 67. Rxh7 Rc4 68. Bd6 Nd4+ 69. Kxg4 Ne6+ 70. Kh5 Nxc5 71. Rc7 Kb5 72. Rxc5+ 1-0

[Event "Chigorin Memorial 23rd"]
[Site "St Petersburg"]
[Date "2015.10.08"]
[Round "6"]
[White "Pankova, Julia"]
[Black "Sorokopudov, Vladimir M"]
[Result "1/2-1/2"]
[WhiteElo "1703"]
[BlackElo "2078"]
[PlyCount "72"]
[EventDate "2015.10.03"]
[EventType "swiss"]
[EventRounds "9"]
[EventCountry "RUS"]
[SourceTitle "CBM 168 Extra"]
[Source "ChessBase"]
[SourceDate "2015.10.29"]
[SourceVersion "1"]
[SourceVersionDate "2015.10.29"]
[SourceQuality "1"]

1. e4 c6 2. d4 d5 3. exd5 cxd5 4. Bd3 Nc6 5. c3 Nf6 6. Bf4 e6 7. Nf3 Bd6 8. Bxd6 Qxd6 9. Nbd2 0-0 10. 0-0 Bd7 11. Re1 Ne7 12. Ne5 Ng6 13. Ndf3 Bc6 14. Ng5 Nf4 15. Bc2 h6 16. Ngxf7 Rxf7 17. Nxf7 Kxf7 18. Re5 Rf8 19. Qf3 g5 20. h4 Ke7 21. hxg5 hxg5 22. Rxg5 Ne4 23. Bxe4 dxe4 24. Qg4 Rf7 25. Rg7 Rxg7 26. Qxg7+ Kd8 27. Re1 Nd3 28. Qg5+ Kc8 29. Re3 Nf4 30. Qg4 Kc7 31. Qg7+ Qd7 32. Qe5+ Qd6 33. Qg7+ Qd7 34. Qe5+ Qd6 35. Qg7+ Qd7 36. Qe5+ Qd6 1/2-1/2

[Event "Chigorin Memorial 23rd"]
[Site "St Petersburg"]
[Date "2015.10.06"]
[Round "4"]
[White "Sorokopudov, Vladimir M"]
[Black "Efimenko, Aleksandr"]
[Result "0-1"]
[WhiteElo "2078"]
[BlackElo "1871"]
[PlyCount "148"]
[EventDate "2015.10.03"]
[EventType "swiss"]
[EventRounds "9"]
[EventCountry "RUS"]
[SourceTitle "CBM 168 Extra"]
[Source "ChessBase"]
[SourceDate "2015.10.29"]
[SourceVersion "1"]
[SourceVersionDate "2015.10.29"]
[SourceQuality "1"]

1. d4 d5 2. Nf3 e6 3. c4 c6 4. e3 Nf6 5. Nc3 Nbd7 6. cxd5 exd5 7. Bd3 Bd6 8. 0-0 0-0 9. e4 dxe4 10. Nxe4 Nxe4 11. Bxe4 Qc7 12. Bg5 h6 13. Bd2 Nf6 14. Bd3 Bg4 15. h3 Bh5 16. Bf5 Rad8 17. Qb3 Nd5 18. Rfe1 Bf4 19. g4 Bg6 20. Bxg6 fxg6 21. Re4 Kh7 22. Rae1 Bxd2 23. Nxd2 Qf7 24. Qg3 Nf4 25. Kh2 Rd7 26. b3 Qf6 27. Qe3 Nd5 28. Qg3 Qxf2+ 29. Qg2 Rdf7 30. Rf1 Qxg2+ 31. Kxg2 Rxf1 32. Nxf1 Rf4 33. Nd2 g5 34. Kg3 Rxe4 35. Nxe4 Nf4 36. h4 Ne2+ 37. Kf2 Nxd4 38. hxg5 hxg5 39. Ke3 Ne6 40. Nd6 Nd8 41. Kd4 Kg6 42. Nc8 Kf6 43. Nxa7 Ne6+ 44. Ke4 Nc5+ 45. Ke3 Nd7 46. Kf3 Ne5+ 47. Kg3 Nd3 48. a3 Nc1 49. b4 Ne2+ 50. Kf2 Nd4 51. a4 Ke5 52. Nc8 Nc2 53. b5 cxb5 54. axb5 Na3 55. b6 Kf4 56. Nd6 Kxg4 57. Nxb7 Nc4 58. Nc5 Nxb6 59. Ne6 g6 60. Nf8 Kf5 61. Kg3 Nc4 62. Nd7 Nd6 63. Nc5 g4 64. Nd3 Ne4+ 65. Kg2 Nf6 66. Nf2 Nh5 67. Nd1 Kg5 68. Ne3 Kh4 69. Nd5 g5 70. Ne3 Nf4+ 71. Kf2 g3+ 72. Kf3 Kh3 73. Ng4 g2 74. Nf2+ Kh4 0-1

[Event "Heart of Finland op 25th"]
[Site "Jyvaskyla"]
[Date "2015.07.18"]
[Round "8"]
[White "Sorokopudov, Vladimir M"]
[Black "Rantanen, Yrjo A"]
[Result "0-1"]
[WhiteElo "2107"]
[BlackElo "2293"]
[PlyCount "76"]
[EventDate "2015.07.13"]
[EventType "swiss"]
[EventRounds "9"]
[EventCountry "FIN"]
[SourceTitle "CBM 167 Extra"]
[Source "ChessBase"]
[SourceDate "2015.09.14"]
[SourceVersion "1"]
[SourceVersionDate "2015.09.14"]
[SourceQuality "1"]

1. d4 Nf6 2. Nf3 g6 3. c4 Bg7 4. Nc3 0-0 5. e4 d6 6. Be2 e5 7. 0-0 Nbd7 8. Re1 c6 9. a4 a5 10. d5 Nc5 11. Qc2 Qb6 12. Ra3 Bd7 13. Bf1 Rac8 14. Bg5 h6 15. Bxf6 Bxf6 16. Nd2 Be7 17. Nb3 Kg7 18. Nxc5 Qxc5 19. Re3 f5 20. h3 Rc7 21. Ra2 Bc8 22. b3 Bg5 23. Rd3 Rcf7 24. Qd1 Be7 25. Kh1 Qb4 26. Re2 f4 27. Qb1 f3 28. gxf3 Rxf3 29. Na2 Qc5 30. Rxf3 Rxf3 31. Qc2 Bxh3 32. Bxh3 Rxh3+ 33. Kg2 Rh4 34. Nc3 Rg4+ 35. Kh3 h5 36. Re3 Rf4 37. Kg2 Bh4 38. Rf3 Qd4 0-1

[Event "Chigorin Memorial 22nd"]
[Site "St Petersburg"]
[Date "2014.10.23"]
[Round "6"]
[White "Sorokopudov, Vladimir M"]
[Black "Shinkevich, Maksim"]
[Result "1-0"]
[WhiteElo "2091"]
[BlackElo "1825"]
[PlyCount "99"]
[EventDate "2014.10.18"]
[EventType "swiss"]
[EventRounds "9"]
[EventCountry "RUS"]
[SourceTitle "EXT 2015"]
[Source "ChessBase"]
[SourceDate "2014.11.20"]
[SourceVersion "1"]
[SourceVersionDate "2014.11.20"]
[SourceQuality "1"]

1. d4 Nf6 2. c4 g6 3. Nc3 Bg7 4. e4 d6 5. f3 0-0 6. Be3 Nc6 7. Qd2 a6 8. Nge2 Rb8 9. Nc1 Bd7 10. Nb3 Na7 11. a4 c6 12. Be2 Qc7 13. 0-0 b5 14. axb5 axb5 15. c5 Nc8 16. Rfc1 e5 17. cxd6 Qxd6 18. dxe5 Qxd2 19. Nxd2 Ne8 20. f4 Nc7 21. Nb3 Re8 22. Nc5 Be6 23. g4 Bc4 24. b3 Bxe2 25. Nxe2 Nb6 26. Ra7 Ne6 27. Nxe6 Rxe6 28. Nd4 Nc8 29. Rc7 Re7 30. R7xc6 Na7 31. Rc7 Rb7 32. Rxe7 Rxe7 33. Nc6 Nxc6 34. Rxc6 h6 35. Rb6 g5 36. Rxb5 gxf4 37. Bxf4 Rd7 38. Kf2 Rd3 39. Rb8+ Kh7 40. b4 Kg6 41. b5 h5 42. Rb6+ Kh7 43. gxh5 Bf8 44. Be3 Rxe3 45. Kxe3 Bc5+ 46. Kf4 Bxb6 47. Kf5 Bd8 48. e6 f6 49. b6 Bxb6 50. e7 1-0

[Event "Chigorin Memorial 22nd"]
[Site "St Petersburg"]
[Date "2014.10.20"]
[Round "3"]
[White "Shapianov, Adam"]
[Black "Sorokopudov, Vladimir M"]
[Result "1-0"]
[WhiteElo "1807"]
[BlackElo "2091"]
[PlyCount "47"]
[EventDate "2014.10.18"]
[EventType "swiss"]
[EventRounds "9"]
[EventCountry "RUS"]
[SourceTitle "EXT 2015"]
[Source "ChessBase"]
[SourceDate "2014.11.20"]
[SourceVersion "1"]
[SourceVersionDate "2014.11.20"]
[SourceQuality "1"]

1. e4 c6 2. d4 d5 3. Nc3 a6 4. Nf3 Bg4 5. Be2 e6 6. 0-0 Nd7 7. Re1 Bb4 8. exd5 cxd5 9. a3 Bxc3 10. bxc3 Ngf6 11. c4 0-0 12. c5 b6 13. Bf4 bxc5 14. Bd6 Re8 15. dxc5 Qc8 16. Qd4 Ne4 17. c4 Ndxc5 18. cxd5 exd5 19. Rac1 Bxf3 20. Bxf3 Nb3 21. Rxc8 Nxd4 22. Rxa8 Rxa8 23. Bxe4 Re8 24. Bxh7+ 1-0

[Event "Heart of Finland op 24th"]
[Site "Jyvaskyla"]
[Date "2014.07.13"]
[Round "9"]
[White "Anttila, Perttu"]
[Black "Sorokopudov, Vladimir M"]
[Result "1-0"]
[WhiteElo "2131"]
[BlackElo "2062"]
[PlyCount "91"]
[EventDate "2014.07.07"]
[EventType "swiss"]
[EventRounds "9"]
[EventCountry "FIN"]
[SourceTitle "EXT 2019"]
[Source "ChessBase"]
[SourceDate "2018.10.10"]
[SourceVersion "1"]
[SourceVersionDate "2018.10.10"]
[SourceQuality "1"]

1. d4 d5 2. Bf4 Nf6 3. h3 e6 4. Nf3 Nbd7 5. Nbd2 Bd6 6. Bxd6 cxd6 7. e3 0-0 8. Be2 b6 9. 0-0 Bb7 10. a4 a5 11. Nb1 Ne4 12. Bd3 e5 13. Nfd2 f5 14. f3 Ng3 15. Rf2 Qg5 16. f4 Qe7 17. Bb5 Nf6 18. Nc3 Rac8 19. fxe5 dxe5 20. Rf3 Nfe4 21. Ndxe4 Nxe4 22. Ne2 Ng5 23. Rf2 e4 24. Nf4 Nf7 25. Qe2 Nd6 26. Ba6 g5 27. Bxb7 Qxb7 28. Nh5 Qf7 29. b3 Rc3 30. g4 Rfc8 31. Raf1 h6 32. h4 Kh8 33. hxg5 Rg8 34. Rxf5 Nxf5 35. Rxf5 Qc7 36. Rf6 Rc6 37. Qf2 Rxg5 38. Rf8+ Rg8 39. Qf5 Qd6 40. Rf6 Qc7 41. Rf7 Rxg4+ 42. Kf1 Rcg6 43. Rf8+ Rg8 44. Qf6+ R4g7 45. Qxh6+ Rh7 46. Rxg8+ 1-0

[Event "Chigorin Memorial 21st"]
[Site "St Petersburg"]
[Date "2013.10.10"]
[Round "6"]
[White "Sorokopudov, Vladimir M"]
[Black "Gvanceladze, Anna"]
[Result "0-1"]
[WhiteElo "2057"]
[BlackElo "2219"]
[PlyCount "76"]
[EventDate "2013.10.05"]
[EventType "swiss"]
[EventRounds "9"]
[EventCountry "RUS"]
[SourceTitle "CBM 156 Extra"]
[Source "ChessBase"]
[SourceDate "2013.10.22"]
[SourceVersion "1"]
[SourceVersionDate "2013.10.22"]
[SourceQuality "1"]

1. Nf3 d5 2. d4 Nf6 3. Bg5 e6 4. e3 Be7 5. Bd3 Nbd7 6. Nbd2 0-0 7. 0-0 b6 8. c4 Bb7 9. Qc2 h6 10. Bh4 Rc8 11. Bxf6 Nxf6 12. Rfd1 c5 13. dxc5 bxc5 14. h3 Qc7 15. e4 Rfd8 16. Re1 dxe4 17. Nxe4 Qb8 18. Nxf6+ Bxf6 19. Nh2 Qf4 20. Rad1 h5 21. g3 Qb8 22. b3 Bd4 23. Nf1 h4 24. Kh2 hxg3+ 25. fxg3 Rd6 26. Be4 Rcd8 27. Rd2 f5 28. Bxb7 Qxb7 29. Rg2 Qf7 30. Nd2 Qh5 31. Rf1 g5 32. Nf3 g4 33. Nh4 Be5 34. Qe2 Bxg3+ 35. Kxg3 Rd3+ 36. Kh2 Rxh3+ 37. Kg1 Kf7 38. Rxg4 Rxh4 0-1

[Event "Chigorin Memorial 21st"]
[Site "St Petersburg"]
[Date "2013.10.06"]
[Round "2"]
[White "Sorokopudov, Vladimir M"]
[Black "Rybakova, Polina"]
[Result "1-0"]
[WhiteElo "2057"]
[BlackElo "1794"]
[PlyCount "61"]
[EventDate "2013.10.05"]
[EventType "swiss"]
[EventRounds "9"]
[EventCountry "RUS"]
[SourceTitle "CBM 156 Extra"]
[Source "ChessBase"]
[SourceDate "2013.10.22"]
[SourceVersion "1"]
[SourceVersionDate "2013.10.22"]
[SourceQuality "1"]

1. d4 Nf6 2. c4 g6 3. Nc3 Bg7 4. e4 d6 5. f3 Nbd7 6. Be3 c5 7. d5 Qa5 8. Qd2 0-0 9. Nh3 a6 10. Rc1 Ne5 11. Nf2 Bd7 12. Be2 b5 13. b3 b4 14. Ncd1 Qc7 15. g4 Bc8 16. Bh6 a5 17. Bxg7 Kxg7 18. Ne3 a4 19. f4 Ned7 20. h4 Kh8 21. h5 Rg8 22. hxg6 fxg6 23. g5 Ne8 24. Qb2+ Rg7 25. Nfg4 Nf8 26. f5 gxf5 27. exf5 Qd8 28. Nh6 Qc7 29. Bh5 Bd7 30. f6 exf6 31. gxf6 1-0

[Event "Heart of Finland op 23rd"]
[Site "Jyvaskyla"]
[Date "2013.07.14"]
[Round "9"]
[White "Parkkinen, Jyrki"]
[Black "Sorokopudov, Vladimir M"]
[Result "1-0"]
[WhiteElo "2195"]
[BlackElo "2067"]
[PlyCount "69"]
[EventDate "2013.07.08"]
[EventType "swiss"]
[EventRounds "9"]
[EventCountry "FIN"]
[SourceTitle "EXT 2022"]
[Source "ChessBase"]
[SourceDate "2021.10.06"]
[SourceVersion "1"]
[SourceVersionDate "2021.10.06"]
[SourceQuality "1"]

1. c4 Nf6 2. g3 c6 3. Bg2 e5 4. d4 Bb4+ 5. Bd2 Bxd2+ 6. Qxd2 d6 7. Nc3 0-0 8. e3 Qc7 9. Nge2 Bf5 10. 0-0 Nbd7 11. f4 Bg4 12. Rae1 Rad8 13. Nc1 Nb6 14. b3 Rfe8 15. e4 Bc8 16. Kh1 Nbd7 17. d5 Qa5 18. Nd3 cxd5 19. cxd5 Qb6 20. b4 a6 21. Qc2 Ng4 22. Qe2 Qd4 23. h3 Ngf6 24. Qc2 Nh5 25. Kh2 g6 26. Ne2 Qb6 27. a4 a5 28. bxa5 Qxa5 29. Rb1 Qa7 30. f5 g5 31. Rb2 Ndf6 32. Rfb1 Qe3 33. Qd2 Qxd2 34. Rxd2 Nd7 35. a5 1-0

[Event "Heart of Finland op 23rd"]
[Site "Jyvaskyla"]
[Date "2013.07.11"]
[Round "5"]
[White "Agopov, Mikael"]
[Black "Sorokopudov, Vladimir M"]
[Result "1-0"]
[WhiteElo "2429"]
[BlackElo "2067"]
[PlyCount "73"]
[EventDate "2013.07.08"]
[EventType "swiss"]
[EventRounds "9"]
[EventCountry "FIN"]
[SourceTitle "CBM 155 Extra"]
[Source "ChessBase"]
[SourceDate "2013.08.26"]
[SourceVersion "1"]
[SourceVersionDate "2013.08.26"]
[SourceQuality "1"]

1. e4 c6 2. d4 d5 3. e5 e6 4. Bd3 Nd7 5. Nd2 c5 6. c3 g6 7. Ne2 Ne7 8. Nf3 cxd4 9. cxd4 Bg7 10. h4 h5 11. Bg5 Qa5+ 12. Kf1 b5 13. a3 Bb7 14. Nf4 Nf5 15. Bxf5 gxf5 16. Ne1 Qb6 17. Rh3 a5 18. Kg1 Rc8 19. Rd3 b4 20. axb4 axb4 21. Nxh5 Bf8 22. Nf6+ Nxf6 23. Bxf6 Rg8 24. Nf3 Ba6 25. Rd2 b3 26. Ng5 Rg6 27. Qh5 Bh6 28. Ra3 Rc2 29. Qd1 Qc6 30. Kh2 Rxf6 31. exf6 Qc7+ 32. g3 Bxg5 33. hxg5 Qc4 34. Rxb3 Rc1 35. Rb8+ Kd7 36. Qh5 Kc7 37. Qh8 1-0

[Event "St Petersburg-ch Seniors"]
[Site "St Petersburg"]
[Date "2012.02.01"]
[Round "5"]
[White "Sorokopudov, Vladimir M"]
[Black "Puzyrevsky, Boris M"]
[Result "1-0"]
[WhiteElo "2003"]
[BlackElo "1993"]
[PlyCount "109"]
[EventDate "2012.01.27"]
[EventType "swiss"]
[EventRounds "9"]
[EventCountry "RUS"]
[SourceTitle "EXT 2013"]
[Source "ChessBase"]
[SourceDate "2012.11.22"]
[SourceVersion "1"]
[SourceVersionDate "2012.11.22"]
[SourceQuality "1"]

1. d4 Nf6 2. c4 g6 3. f3 d5 4. cxd5 Nxd5 5. e4 Nb6 6. Nc3 Bg7 7. Be3 0-0 8. Qd2 Nc6 9. Rd1 Bd7 10. b3 a5 11. Bb5 e5 12. d5 Nd4 13. Bxd7 Qxd7 14. Nge2 Nxe2 15. Qxe2 a4 16. Bxb6 cxb6 17. Nxa4 b5 18. Nc3 Ra5 19. b4 Ra6 20. 0-0 Qd6 21. Rb1 Rc8 22. Nxb5 Qb6+ 23. Kh1 Bh6 24. a3 Qd8 25. Rfd1 Qd7 26. Qd3 Bf4 27. Rb2 Qd8 28. g3 Bg5 29. Rc2 h5 30. h4 Rxc2 31. Qxc2 Qd7 32. hxg5 Qxb5 33. Qd3 Qd7 34. Kg2 Rd6 35. Rc1 Qd8 36. Qe3 Kg7 37. Rc4 f6 38. Qc3 Rd7 39. gxf6+ Qxf6 40. Rc7 Rxc7 41. Qxc7+ Kh6 42. d6 Qe6 43. Qc1+ Kg7 44. Qd2 Qd7 45. Qd5 Kf6 46. f4 exf4 47. e5+ Kg7 48. e6 f3+ 49. Kxf3 Qa4 50. Qd4+ Kh7 51. d7 Qb3+ 52. Kf4 g5+ 53. Ke5 Qxg3+ 54. Kf6 Qf3+ 55. Ke7 1-0

[Event "St Petersburg-ch Seniors"]
[Site "St Petersburg"]
[Date "2012.01.30"]
[Round "3"]
[White "Sorokopudov, Vladimir M"]
[Black "Semenov, Vladimir"]
[Result "1/2-1/2"]
[WhiteElo "2003"]
[BlackElo "2123"]
[PlyCount "77"]
[EventDate "2012.01.27"]
[EventType "swiss"]
[EventRounds "9"]
[EventCountry "RUS"]
[SourceTitle "EXT 2013"]
[Source "ChessBase"]
[SourceDate "2012.11.22"]
[SourceVersion "1"]
[SourceVersionDate "2012.11.22"]
[SourceQuality "1"]

1. Nf3 c5 2. c4 Nf6 3. Nc3 d5 4. cxd5 Nxd5 5. g3 Nc6 6. Bg2 Nc7 7. 0-0 e5 8. d3 Bd6 9. Ne4 0-0 10. Nxd6 Qxd6 11. b3 Be6 12. Bb2 Bd5 13. Rc1 Rad8 14. Qc2 b6 15. Rfd1 h6 16. Bc3 Rfe8 17. Qb2 Nd4 18. e4 Be6 19. Nxd4 cxd4 20. Bd2 Rc8 21. f4 f6 22. Rc2 Na6 23. Rxc8 Rxc8 24. Rc1 Rc5 25. Bf1 Qc7 26. Rxc5 Qxc5 27. b4 Qc7 28. a3 b5 29. Be2 Nb8 30. Bd1 Nd7 31. Qc1 Qxc1 32. Bxc1 Nb6 33. Kf2 Kf7 34. f5 Ba2 35. g4 a6 36. h4 Ke7 37. Bd2 Bb1 38. Ke2 Na4 39. Bxa4 1/2-1/2